Bl thaï actors #2 - Statistiques

Statistiques générales
  • Ce quiz a été pris 94 fois
  • Le résultat moyen est 10 sur 15
Statistiques - réponses
Par images Réponse % Correct
Dunk
94%
Aou
93%
Boom
93%
Joong
93%
Santa
87%
Perth
86%
Win
80%
Bright
73%
War
70%
Yin
64%
Tutor
53%
Yim
50%
First
37%
Ja
30%
Ben
11%
Aucun quiz correspondant
Distribution des résultats
% des personnes avec chaque résultat
Percentile par nombre de réponses
Votre historique - résultats
Vous n’avez pas pris ce quiz